000 00501nam a2200169 i 4500
001 94306
003 ES-MaACL
005 20250907063057.0
007 t|
008 050427s1931 sp ||||1| spa d
100 1 _aLópez Tomás, José,
_dn. 1860
_974000
245 1 0 _aPlan Financiero Quinquenal de la República Española /
_cJosé López Tomás.
260 _aValencia :
_bPascual Quiles,
_c1931.
300 _a243 p. ;
_c19 cm.
852 _aES-MaACL
_jB-12558
999 _c94306
_d94306